000 00303nam a22001337a 4500
008 170511b xxu||||| |||| 00| 0 eng d
020 _a9780030126499
041 _aeng
080 _23RD
_a331
100 _a15
101 _aSHJ
245 _aTHE LABOR RELATIONS PROCESS
_cHOLLEY, W.H
942 _2udc
_cBK
999 _c13207
_d13207